[Event "Bruges op-B"]
[Site "Bruges"]
[Date "2022.08.14"]
[Round "3"]
[White "Dutre, Wonder"]
[Black "Lucas, Jean"]
[Result "1-0"]
[WhiteElo "1771"]
[BlackElo "1566"]
[PlyCount "81"]
[EventDate "2022.08.13"]
[EventType "swiss"]
[EventRounds "9"]
[EventCountry "BEL"]
[SourceTitle "CBM 209 Extra"]
[Source "ChessBase"]
[SourceDate "2022.09.30"]
[SourceVersion "1"]
[SourceVersionDate "2022.09.30"]
[SourceQuality "1"]

1. e4 e5 2. Nc3 Nf6 3. f4 d5 4. fxe5 Nxe4 5. Nf3 Be7 6. Bd3 Nc5 7. 0-0 Nxd3 8. cxd3 d4 9. Ne4 0-0 10. Qe1 Nc6 11. a3 Bg4 12. Qg3 Bxf3 13. Rxf3 Kh8 14. b4 Qd5 15. Bb2 Rad8 16. Raf1 Qxe5 17. Rxf7 Qxg3 18. Nxg3 Rxf7 19. Rxf7 Kg8 20. Rf1 Ne5 21. Nf5 Bf6 22. Bxd4 Nxd3 23. Nh6+ Kf8 24. Bxf6 gxf6 25. Ng4 Ke7 26. Nxf6 Nb2 27. Nxh7 Rxd2 28. Ng5 Nd3 29. h4 Ra2 30. h5 Rxa3 31. h6 Ra6 32. Rf7+ Ke8 33. h7 Rh6 34. Rxc7 Nxb4 35. Rc8+ Kd7 36. h8Q Rxh8 37. Rxh8 a5 38. Ne4 Kc6 39. Rh5 b6 40. Nc3 b5 41. Rxb5 1-0

[Event "Wachtebeke op"]
[Site "Wachtebeke"]
[Date "2022.02.26"]
[Round "2"]
[White "Dgebuadze, Alexandre"]
[Black "Dutre, Wonder"]
[Result "1-0"]
[WhiteElo "2465"]
[BlackElo "1812"]
[PlyCount "57"]
[EventDate "2022.02.26"]
[EventType "swiss"]
[EventRounds "9"]
[EventCountry "BEL"]
[SourceTitle "CBM 207 Extra"]
[Source "ChessBase"]
[SourceDate "2022.05.31"]
[SourceVersion "1"]
[SourceVersionDate "2022.05.31"]
[SourceQuality "1"]

1. e4 c6 2. Nf3 d5 3. Nc3 dxe4 4. Nxe4 Nf6 5. Nxf6+ exf6 6. Bc4 Be7 7. 0-0 0-0 8. Re1 Bg4 9. h3 Bxf3 10. Qxf3 Nd7 11. d4 Bd6 12. Bd2 Qc7 13. Re4 Rfe8 14. Rg4 Bf8 15. h4 Rad8 16. h5 Re7 17. Rd1 a6 18. Bb3 Rde8 19. g3 b5 20. c3 c5 21. Kg2 a5 22. Bf4 Qb6 23. dxc5 Nxc5 24. Rd6 Qa7 25. Bh6 Ne4 26. Rxf6 Nxf2 27. Qxf2 Re1 28. Bxf7+ Kh8 29. Bxe8 1-0

[Event "Wch FIDE Online U14 Europe qual"]
[Site "Tornelo INT"]
[Date "2020.12.09"]
[Round "7"]
[White "Suleymanli, Suleyman"]
[Black "Dutre, Wonder"]
[Result "1/2-1/2"]
[WhiteElo "1550"]
[BlackElo "1540"]
[PlyCount "157"]
[EventDate "2020.12.07"]
[EventType "swiss (rapid)"]
[EventRounds "7"]
[EventCountry "ISS"]
[SourceTitle "EXT 2022"]
[Source "ChessBase"]
[SourceDate "2021.10.06"]
[SourceVersion "1"]
[SourceVersionDate "2021.10.06"]
[SourceQuality "1"]

1. Nf3 Nf6 2. g3 d5 3. Bg2 c5 4. 0-0 e6 5. d4 Nc6 6. c4 Be7 7. Nc3 0-0 8. cxd5 exd5 9. dxc5 Bxc5 10. Bg5 Be6 11. Qd2 d4 12. Bxf6 dxc3 13. Qxd8 Nxd8 14. Bxc3 Nc6 15. Rfd1 Rfd8 16. b3 f6 17. e3 Rac8 18. Nd4 Nxd4 19. Bxd4 Bxd4 20. exd4 Rc7 21. Rd2 Bd5 22. Rad1 Rc6 23. Bxd5+ Rxd5 24. Kg2 Kf7 25. Kf3 g6 26. Rd3 Rf5+ 27. Kg2 Rd5 28. R1d2 h6 29. h4 Ke6 30. Kf3 h5 31. Ke3 Kf5 32. f3 g5 33. hxg5 fxg5 34. Rh2 Re6+ 35. Kd2 Kg6 36. Kc3 Rc6+ 37. Kb2 Rcd6 38. Rhd2 h4 39. gxh4 gxh4 40. Rg2+ Kf5 41. Rg4 h3 42. Rh4 h2 43. Rxh2 Rxd4 44. Rxd4 Rxd4 45. Rh7 Rb4 46. a3 Rb6 47. a4 Kg6 48. Rc7 Kf5 49. Ka3 Kf4 50. Rf7+ Ke5 51. a5 Rb5 52. b4 a6 53. Ka4 Kd4 54. Rc7 Ke3 55. Rf7 Kd4 56. f4 Kc4 57. Rc7+ Kd5 58. Kb3 Ke6 59. Rc5 Rxc5 60. bxc5 Kf5 61. Kc4 Kxf4 62. Kd5 Kf5 63. Kd6 Ke4 64. c6 bxc6 65. Kxc6 Ke5 66. Kc5 Ke6 67. Kc6 Ke5 68. Kc5 Ke6 69. Kb6 Kd6 70. Kb7 Kd7 71. Kb6 Kd6 72. Kxa6 Kc6 73. Ka7 Kc7 74. a6 Kc8 75. Kb6 Kb8 76. Kc6 Ka7 77. Kb5 Kb8 78. Kb6 Ka8 79. a7 1/2-1/2